01309nam a2200253 a 450000100100000000500170001000800410002704000250006808200200009310000260011324500480013926000440018730000340023150000640026565000280032965000310035704900090038895201330039795201330053095201330066395201180079695201240091499900170103800001532420240412074243.0100205s2007 dr ac 001 p spa d aDO-SdBNPbspacBNPHU aRD861.44bP649m1 aPineda, Rafael91078414aLas mariposas de San Juan /cRafael Pineda. aTaipéi, China :bTsen Wen She,c2007. a26 p. :bil., retrs ;c22 cm. aIncluye datos biográficos del autor en la contracubierta. 0aPoesía dominicana966 0aLiteratura dominicana.967 aBNPD 001052708DSaGRbGRcCTd2010-02-05iLF1l0oRD861.44 P649mp15324-30r2020-06-25te. 3w2020-06-25yLFDSZPréstamo interno 001052708DSaGRbGRcCTd2010-02-05iLF1l0oRD861.44 P649mp15324-40r2020-06-25te. 4w2020-06-25yLFDSZPréstamo interno 001052708DSaGRbGRcCTd2010-02-05iLF1l0oRD861.44 P649mp15324-50r2020-06-25te. 5w2020-06-25yLFDSZPréstamo interno 0010718PDaPDbPDcCTd2010-02-05iLF1l0oRD861.44 P649mp15324-10r2020-06-25w2020-06-25yLFPDZNo se presta 0010718PDaPDbPDcCTd2010-02-05iLF1l0oRD861.44 P649mp15324-20r2020-06-25te. 2w2020-06-25yLFPDZNo se presta c14890d14890